LIBRARY & INFORMATION CENTRE, KCAET, TAVANUR

ONLINE PUBLIC ACCESS CATALOGUE (OPAC)

Basic electrical engineering with numerical problems, Vol 1 / (Record no. 9860)

MARC details
000 -LEADER
fixed length control field 00483cam a2200181ua 4500
003 - CONTROL NUMBER IDENTIFIER
control field OSt
008 - FIXED-LENGTH DATA ELEMENTS--GENERAL INFORMATION
fixed length control field 250221b |||||||| |||| 00| 0 eng d
020 ## - INTERNATIONAL STANDARD BOOK NUMBER
ISBN 0 07 451586 1
041 ## - LANGUAGE CODE
Language code of text/sound track or separate title eng
082 ## - DEWEY DECIMAL CLASSIFICATION NUMBER
Classification number 621.3
Item number DHO/BA
100 ## - MAIN ENTRY--AUTHOR NAME
Personal name Dhogal, P S .
245 ## - TITLE STATEMENT
Title Basic electrical engineering with numerical problems, Vol 1 /
250 ## - EDITION STATEMENT
Edition statement 1st
260 ## - PUBLICATION, DISTRIBUTION, ETC. (IMPRINT)
Place of publication New Delhi :
Name of publisher Tata Mc-Graw Hill Publishing Company ,
Year of publication 1999.
300 ## - PHYSICAL DESCRIPTION
Number of Pages 257 ; .
500 ## - GENERAL NOTE
General note *CSS
942 ## - ADDED ENTRY ELEMENTS (KOHA)
Koha item type Books
Holdings
Withdrawn status Lost status Damaged status Home library Current library Date acquired Full call number Accession Number Koha item type Shelving location Source of acquisition Cost, normal purchase price
      KAUAET KAUAET 07/04/2012 621.3 19963 Books      
Withdrawn   Damaged KAUAET KAUAET 04/09/2018 621.3 DHO/BA 19595 Books Scheme    
      KAUAET KAUAET 04/09/2018 621.3 DHO/BA 19596 Books Scheme    
      KAUAET KAUAET 04/09/2018 621.3 DHO/BA 19597 Books Scheme    
      KAUAET KAUAET 20/01/2025 621.3 DHO/BA 20400 Books   Higgin BothGrees, Ernakulam 90.00
free website counter